Statistiques concernant Géographie physique de l’Union Européenne

Cliquez ici pour prendre le quiz!

Statistiques générales

  • Ce quiz a été pris 154 fois
  • Le résultat moyen est 12 sur 20

Statistiques - réponses

QuestionRéponse% Correct
Plus grands paysFrance
93%
Allemagne
90%
Plus grand pays frontalier de l’UERussie
89%
Chaîne de montagnes traversant notamment la France, la Suisse et la SlovénieAlpes
84%
Point culminantMont Blanc
84%
Espagne
83%
Plus longs cours d’eau (longueur totale)Danube
77%
Rhin
75%
Suède
75%
Région du sud de l’Espagne, Malaga s’y trouveAndalousie
69%
Plus grandes îles (controlé au moins à 50 % par un pays de l’UE)Irlande
67%
Chypre
63%
Sardaigne
63%
Sicile
60%
Point culminant de la Grèce , donnant son nom au point culminant de MarsMont Olympe
53%
Célèbre monument berlinois, du nom de l’état voisinPorte de Brandebourg
37%
Territoires danois au nord des ShetlandsIles Féroé
30%
Elbe
16%
Tage
14%
Plus long fleuve passant uniquement dans UN pays de l’UEVistule
13%

Distribution des résultats

Percentile par nombre de réponses

% des personnes avec chaque résultat

Votre développement - résultats

Vous n’avez pas pris ce quiz